[Event "AUTO-OPEN-2721"]
[Site "http://www.queenalice.com/game.php?id=1133936"]
[Date "2012.12.24"]
[Round "3"]
[White "chapichapo"]
[Black "deepjcc"]
[Result "0-1"]
[WhiteElo "1806"]
[BlackElo "2342"]

1. e4 d5 2. exd5 Qxd5 3. Qf3 Nf6 4. Nc3 Qa5 5. a3 e5 6. b4 Bxb4 7. Bb2 Bd6 8.
Bd3 c6 9. Nge2 Bg4 10. Qg3 Nbd7 11. O-O Qc7 12. Ne4 Nxe4 13. Qxg4 Nxd2 14. Qxg7
O-O-O 15. Rfd1 e4 16. Rxd2 Bxh2+ 17. Kh1 exd3 18. Rxd3 Be5 19. Bxe5 Nxe5 20.
Rxd8+ Rxd8 21. Qxh7 Ng6 22. Nc3 Rh8 0-1

[Event "AUTO-OPEN-2721"]
[Site "http://www.queenalice.com/game.php?id=1133937"]
[Date "2012.12.24"]
[Round "3"]
[White "deepjcc"]
[Black "chapichapo"]
[Result "1-0"]
[WhiteElo "2344"]
[BlackElo "1841"]

1. d4 d5 2. Bf4 Bf5 3. e3 e6 4. Nd2 Nd7 5. Ngf3 Ngf6 6. c3 c6 7. Ne5 Nxe5 8.
Bxe5 Bd6 9. Bg3 Bxg3 10. hxg3 h5 11. Be2 Ng4 12. Bxg4 Bxg4 13. Qxg4 g6 14. Qf4
g5 15. Qe5 Kd7 16. Qg7 Qg8 17. Qxg8 Raxg8 18. Nf3 f6 19. a4 g4 20. Nd2 f5 21. b4
b6 22. a5 b5 23. Nb3 Re8 24. Nc5+ Kd6 25. Nd3 a6 26. Kd2 Rh7 27. Rh4 Rf8 28.
Rah1 Rfh8 29. Nf4 e5 30. dxe5+ Kxe5 31. Ng6+ 1-0

[Event "murgu-2"]
[Site "http://www.queenalice.com/game.php?id=1134289"]
[Date "2012.12.25"]
[Round "5"]
[White "chapichapo"]
[Black "brunocalixto"]
[Result "1-0"]
[WhiteElo "1830"]
[BlackElo "1714"]

1. e4 c5 2. Bc4 Nc6 3. Qf3 Nf6 4. c3 d6 5. d3 Ne5 6. Qe2 g6 7. Bg5 Nxc4 8. Bxf6
exf6 9. dxc4 Bg7 10. Nf3 O-O 11. O-O f5 12. Rd1 fxe4 13. Nfd2 f5 14. Nf1 b6 15.
Ne3 Bb7 16. Nd5 Re8 17. Na3 Bc6 18. Nb5 Bxb5 19. cxb5 Bh6 20. a4 f4 21. c4 a6
22. Qg4 axb5 23. axb5 e3 24. Rxa8 Qxa8 25. Nf6+ Kg7 26. Nxe8+ Qxe8 27. fxe3 fxe3
28. Qe2 Qe4 29. h3 Qe5 30. Rd5 Qe6 31. b3 Kf7 32. g4 Ke7 33. h4 Bf4 34. Kg2 Qe4+
35. Qf3 Qc2+ 36. Kf1 Qh2 37. Qe4+ Kd7 38. Qf3 h6 39. h5 g5 40. Rf5 Qd2 41. Qb7+
1-0

[Event "Challenge"]
[Site "http://www.queenalice.com/game.php?id=1148161"]
[Date "2013.2.2"]
[Round "-"]
[White "Rouletabosse"]
[Black "chapichapo"]
[Result "0-1"]
[WhiteElo "1591"]
[BlackElo "1847"]

1. Nf3 Nc6 2. c4 e5 3. e4 Bc5 4. d3 d6 5. a3 Bg4 6. h3 Bxf3 7. Qxf3 Nd4 8. Qd1
Qf6 9. Be2 Ne7 10. b4 Bb6 11. Nc3 c6 12. Be3 Ng6 13. O-O h5 14. Rb1 Nf4 15. Bxf4
exf4 16. f3 Nxe2+ 0-1

[Event "Challenge"]
[Site "http://www.queenalice.com/game.php?id=1148162"]
[Date "2013.2.2"]
[Round "-"]
[White "chapichapo"]
[Black "Rouletabosse"]
[Result "1-0"]
[WhiteElo "1870"]
[BlackElo "1665"]

1. e4 e6 2. d4 d5 3. e5 c5 4. c3 a6 5. Nf3 Nc6 6. Bg5 Be7 7. Bxe7 Qxe7 8. Be2
cxd4 9. cxd4 Qb4+ 10. Nbd2 Nxd4 11. Nxd4 Qxd4 12. Nf3 Qxb2 13. O-O Qb6 14. Rb1
Qa7 15. Qc2 Ne7 16. Qc7 Nc6 17. a4 O-O 18. a5 Rd8 19. Ng5 Rd7 20. Qb6 Qxb6 21.
axb6 Nxe5 22. Rfd1 h6 23. Nf3 Nxf3+ 24. Bxf3 Rd6 25. Rdc1 Rc6 26. Rxc6 Bd7 27.
Rc7 Bc6 28. Rc1 1-0

[Event "Gilles vs Cyrille"]
[Site "http://www.queenalice.com/game.php?id=1149694"]
[Date "2013.2.8"]
[Round "-"]
[White "chapichapo"]
[Black "KillerQueen"]
[Result "0-1"]
[WhiteElo "1866"]
[BlackElo "1957"]

1. e4 e6 2. d4 d5 3. e5 c5 4. c3 Qb6 5. a4 Nc6 6. Na3 cxd4 7. cxd4 Bb4+ 8. Bd2
Qxd4 9. Nb5 Qxe5+ 10. Be2 Qxb2 11. Bxb4 Qxb4+ 12. Kf1 Qe7 13. Nf3 Nf6 14. h4 O-O
15. Qc2 Bd7 16. h5 h6 17. Rh3 e5 18. Nc7 Rac8 19. Nb5 Nd4 20. Qd3 Nxb5 21. axb5
e4 22. Qe3 Ng4 23. Qd4 exf3 24. Bxf3 Nf6 25. Rg3 b6 26. Bxd5 Bxb5+ 27. Kg1 Rfd8
0-1

[Event "REIDID93"]
[Site "http://www.queenalice.com/game.php?id=1150716"]
[Date "2013.2.11"]
[Round "1"]
[White "nuage"]
[Black "chapichapo"]
[Result "0-1"]
[WhiteElo "1598"]
[BlackElo "1902"]

1. Nf3 Nc6 2. d3 e5 3. g3 Bc5 4. Bg2 f5 5. Bg5 Nf6 6. O-O h6 7. Bxf6 gxf6 8. Nc3
h5 9. Nh4 f4 10. Nf5 fxg3 11. Nxg3 h4 12. Nge4 Bb6 13. Nd5 d6 14. Ndxf6+ Kf7 15.
c4 Bf5 16. Nd5 Bxe4 17. Bxe4 Rg8+ 18. Bg2 h3 19. e4 Rxg2+ 20. Kh1 Qg5 21. Qf3+
Ke6 22. Qxh3+ Qg4 23. Qxg2 Qxg2+ 24. Kxg2 Nd4 25. f4 exf4 26. Nxf4+ Ke5 27. Rf2
Rg8+ 28. Kh1 Ne6 29. Ng6+ Rxg6 30. Rf5+ Kd4 31. Rd5+ Ke3 32. Rg1 Rxg1+ 33. Kxg1
Kd2+ 34. Kg2 Nf4+ 35. Kg3 Nxd5 36. cxd5 Kxd3 37. Kf4 Bd4 38. b3 a5 39. h4 b5 40.
h5 Kc2 41. Kf5 Kb2 42. Ke6 Kxa2 43. Kd7 Kxb3 44. Kxc7 Be5 45. h6 Kc4 46. Kc6 a4
47. h7 a3 48. h8=Q Bxh8 49. Kxd6 a2 50. Kc6 a1=Q 51. d6 Qa6+ 52. Kd7 Be5 0-1

[Event "AUTO-OPEN-2827"]
[Site "http://www.queenalice.com/game.php?id=1155574"]
[Date "2013.2.25"]
[Round "2"]
[White "od_xavier"]
[Black "chapichapo"]
[Result "1-0"]
[WhiteElo "1684"]
[BlackElo "1890"]

1. e4 e5 2. Nf3 Nf6 3. Nc3 Bb4 4. Bc4 Bxc3 5. bxc3 Nxe4 6. Nxe5 Qe7 7. Bxf7+ Kd8
8. d4 d6 9. O-O dxe5 10. dxe5+ Nd7 11. e6 Nd6 12. exd7 Bxd7 13. Bb3 a5 14. a4
Ra6 15. Qf3 Bc6 16. Qg4 h6 17. Bf4 g5 18. Bg3 h5 19. Qd4 Rf8 20. Rfe1 Qf6 21.
Be5 Qf5 22. Bxd6 cxd6 23. Qxd6+ Bd7 24. Qb8+ Bc8 25. Rad1+ 1-0

[Event "AUTO-OPEN-2827"]
[Site "http://www.queenalice.com/game.php?id=1155575"]
[Date "2013.2.25"]
[Round "2"]
[White "chapichapo"]
[Black "od_xavier"]
[Result "0-1"]
[WhiteElo "1866"]
[BlackElo "1715"]

1. e4 e5 2. Nf3 Nc6 3. Bc4 Bc5 4. d3 Nf6 5. Ng5 O-O 6. h4 d6 7. h5 Bg4 8. f3
Bxh5 9. g4 Bg6 10. Nc3 Nd4 11. Be3 c6 12. Bxd4 Bxd4 13. Ne2 Bxb2 14. Rb1 Ba3 15.
Rxb7 Bc5 16. Ng3 Nxg4 17. Nxh7 Bf2+ 18. Ke2 Ne3 19. Qb1 Bxg3 20. Nxf8 Qxf8 21.
Kxe3 Qd8 22. Rg1 Qh4 23. Rb8+ Rxb8 24. Qxb8+ Kh7 25. Qxd6 Qh2 26. Rf1 Bf4# 0-1

[Event "AUTO-OPEN-2827"]
[Site "http://www.queenalice.com/game.php?id=1155578"]
[Date "2013.2.25"]
[Round "2"]
[White "Clovisto"]
[Black "chapichapo"]
[Result "1-0"]
[WhiteElo "1822"]
[BlackElo "1885"]

1. e4 e5 2. Nc3 c6 3. a3 b6 4. d4 Nf6 5. dxe5 Ng8 6. Nf3 Bb7 7. Bc4 f6 8. exf6
Qxf6 9. Bg5 Qg6 10. h4 h6 11. Ne5 Qd6 12. Bf7# 1-0

[Event "AUTO-OPEN-2827"]
[Site "http://www.queenalice.com/game.php?id=1155579"]
[Date "2013.2.25"]
[Round "2"]
[White "chapichapo"]
[Black "Clovisto"]
[Result "0-1"]
[WhiteElo "1908"]
[BlackElo "1859"]

1. e4 e6 2. d4 h6 3. c4 Qh4 4. Qf3 Nf6 5. Bd3 Nc6 6. g3 Qg4 7. Qxg4 Nxg4 8. d5
Nb4 9. Ke2 Nxd3 10. Nh3 Nge5 11. f4 Nxc1+ 12. Kd2 Ncd3 13. fxe5 Nxb2 14. dxe6
dxe6 15. Kc3 Na4+ 16. Kb3 Nb6 17. Nc3 Bd7 18. Nb5 Bxb5 19. cxb5 a6 20. Rac1 axb5
21. Rxc7 Nc4 22. Rxb7 Ra3+ 23. Kc2 Rxa2+ 24. Kc3 Ra3+ 25. Kd4 Rb3 26. Ra1 Bc5+
27. Kxc5 O-O 28. Nf4 Rc8+ 29. Kd4 Rb4 30. Kd3 Nxe5+ 31. Kd2 Rb2+ 32. Ke1 Nf3+
33. Kd1 Rd2# 0-1

[Event "AUTO-OPEN-2739"]
[Site "http://www.queenalice.com/game.php?id=1161462"]
[Date "2013.3.16"]
[Round "3"]
[White "kilmison"]
[Black "chapichapo"]
[Result "1-0"]
[WhiteElo "2098"]
[BlackElo "1844"]

1. d4 e5 2. dxe5 Qe7 3. Nf3 Nc6 4. Bf4 h6 5. Nc3 g5 6. Bg3 g4 7. Nd2 Nxe5 8. Nd5
Qc5 9. Bxe5 f6 10. Nxf6+ Nxf6 11. Bxf6 Rh7 12. e4 Rf7 13. e5 d6 14. Ne4 Qb4+ 15.
Nd2 dxe5 16. Bh4 e4 17. Bc4 Rf4 18. O-O e3 19. fxe3 Rxc4 20. Nxc4 Be7 21. Bxe7
Kxe7 22. Qd4 1-0

[Event "AUTO-OPEN-2739"]
[Site "http://www.queenalice.com/game.php?id=1161463"]
[Date "2013.3.16"]
[Round "3"]
[White "chapichapo"]
[Black "kilmison"]
[Result "0-1"]
[WhiteElo "1838"]
[BlackElo "2103"]

1. e4 e5 2. Nf3 Nc6 3. Bc4 Bc5 4. c3 Nf6 5. d3 h6 6. b4 Bb6 7. a4 a6 8. b5 axb5
9. Bxb5 Ne7 10. Nxe5 O-O 11. Ba3 d6 12. Nc4 Bd7 13. Nxb6 cxb6 14. c4 Nc8 15. Nc3
Na7 16. Bxd6 Re8 17. e5 Bxb5 18. axb5 Qxd6 19. f4 Qd4 20. Nd5 Nxd5 21. cxd5 Nxb5
22. Rxa8 Rxa8 0-1

[Event "AUTO-OPEN-2739"]
[Site "http://www.queenalice.com/game.php?id=1161466"]
[Date "2013.3.16"]
[Round "3"]
[White "dutra2302"]
[Black "chapichapo"]
[Result "1-0"]
[WhiteElo "2176"]
[BlackElo "1830"]

1. e4 e5 2. Nf3 Nf6 3. Nc3 Nc6 4. d4 Nxd4 5. Nxe5 Bc5 6. a4 Qe7 7. Nd3 Nxe4 8.
Nxe4 Qxe4+ 9. Be3 d6 10. Qd2 Bh3 11. O-O-O Bxg2 12. Nxc5 dxc5 13. Bxd4 O-O-O 14.
Bxg2 Qxg2 15. Rdg1 Qc6 16. Qa5 Rxd4 17. b3 Rhd8 18. Qxa7 b6 19. Qa6+ Kd7 20. Re1
Re4 21. Qd3+ Rd4 22. Qh3+ Kd6 23. Rhg1 Re8 24. Qg3+ Kd7 25. Rxe8 Kxe8 26. Qxg7
Qf3 27. Re1+ Kd7 28. Qg3 Qxg3 29. hxg3 Kd6 30. Rh1 Rg4 31. Rxh7 Ke6 32. Kd2 c6
33. Ke3 c4 34. b4 c3 35. Rh4 Rg5 36. Rc4 Kd5 37. Rd4+ Ke5 38. f4+ 1-0

[Event "AUTO-OPEN-2739"]
[Site "http://www.queenalice.com/game.php?id=1161467"]
[Date "2013.3.16"]
[Round "3"]
[White "chapichapo"]
[Black "dutra2302"]
[Result "0-1"]
[WhiteElo "1833"]
[BlackElo "2158"]

1. e4 e6 2. d4 Ne7 3. d5 exd5 4. exd5 g6 5. d6 cxd6 6. Qxd6 Nf5 7. Qe5+ Qe7 8.
Qxe7+ Bxe7 9. Bc4 Nc6 10. Nf3 O-O 11. O-O Nd6 12. Bd5 Nb4 13. Bb3 b5 14. Bh6 Re8
15. a3 Nc6 16. Bd5 Bb7 17. Nc3 Bf6 18. Rad1 Bxc3 19. bxc3 Na5 20. Bxf7+ Nxf7 21.
Be3 Bxf3 22. gxf3 Ne5 23. f4 Nf3+ 24. Kh1 Rac8 25. Rxd7 Rxc3 26. Rxa7 Rxa3 27.
Kg2 Nh4+ 28. Kh3 Nf5 29. Rb1 Nxe3 30. fxe3 Raxe3+ 31. Kg4 Nc6 32. Rb7 b4 33. h4
R3e4 34. Rc7 Rc4 35. Rb2 Ne5+ 0-1

[Event "AUTO-OPEN-2739"]
[Site "http://www.queenalice.com/game.php?id=1161468"]
[Date "2013.3.16"]
[Round "3"]
[White "Constante"]
[Black "chapichapo"]
[Result "1-0"]
[WhiteElo "1883"]
[BlackElo "1828"]

1. e4 e5 2. Nf3 Nf6 3. Nc3 Nc6 4. Bb5 Bb4 5. Bxc6 bxc6 6. O-O d6 7. d3 Bg4 8.
Bg5 h6 9. Bh4 g5 10. Bg3 Nh5 11. h3 Nxg3 12. fxg3 Bxc3 13. bxc3 Bh5 14. g4 Bg6
15. Nd2 h5 16. Rb1 d5 17. Qf3 hxg4 18. Qxg4 d4 19. c4 Qd7 20. Qxg5 Rh5 21. Qg3
Qe7 22. Nf3 Qa3 23. Ng5 Qxa2 24. Qxe5+ Kf8 25. Ne6+ Ke7 26. Qf6+ Kd7 27. Nxc7
Re5 28. Qxe5 Qxc2 29. Nxa8 Qxd3 30. Rb7+ Kd8 31. Qb8# 1-0

[Event "AUTO-OPEN-2739"]
[Site "http://www.queenalice.com/game.php?id=1161469"]
[Date "2013.3.16"]
[Round "3"]
[White "chapichapo"]
[Black "Constante"]
[Result "0-1"]
[WhiteElo "1806"]
[BlackElo "1962"]

1. e4 c5 2. Bc4 e6 3. d3 Nc6 4. c3 Nf6 5. Bg5 Be7 6. Nd2 a6 7. Ndf3 d6 8. Ne2
Qc7 9. O-O b5 10. Bb3 Bb7 11. a4 O-O 12. Nh4 Na5 13. f4 c4 14. Bc2 cxd3 15. Bxd3
Nc6 16. f5 e5 17. axb5 axb5 18. Bxb5 Na5 19. b4 Qb6+ 20. Kh1 Qxb5 21. bxa5 Qc6
22. Bxf6 Bxf6 23. Nf3 Qxe4 24. Ng3 Qc6 25. Nh5 d5 26. Re1 e4 27. Nxf6+ Qxf6 28.
Nd4 Ba6 29. Qb3 Bc4 30. Qb6 Ra6 31. Qxf6 Rxf6 32. g4 Ra6 33. g5 g6 34. Reb1 Rfa8
35. f6 Re8 36. Rb6 e3 0-1

[Event "REIDID93"]
[Site "http://www.queenalice.com/game.php?id=1181743"]
[Date "2013.5.15"]
[Round "2"]
[White "chapichapo"]
[Black "Rouletabosse"]
[Result "0-1"]
[WhiteElo "1796"]
[BlackElo "1892"]

1. e4 e6 2. d4 d5 3. e5 c5 4. c3 Bd7 5. b3 cxd4 6. cxd4 a6 7. Be3 Bb4+ 8. Bd2
Qa5 9. a4 Bxd2+ 10. Qxd2 Qxd2+ 11. Nxd2 Ne7 12. Bd3 O-O 13. Ngf3 Nbc6 14. O-O h6
15. Rfc1 Rfc8 16. Rab1 Nb4 17. Rxc8+ Rxc8 18. Bf1 a5 19. Bb5 Bxb5 20. axb5 b6
21. h4 Nf5 22. g4 Ne7 23. Ne1 Ng6 24. Nef3 Nf4 25. h5 Nfd3 26. Kg2 Nf4+ 27. Kg3
Ne2+ 28. Kh4 Rc3 29. g5 hxg5+ 30. Kxg5 Nc2 0-1

[Event "AUTO-OPEN-2802"]
[Site "http://www.queenalice.com/game.php?id=1185291"]
[Date "2013.5.27"]
[Round "2"]
[White "PROFILER"]
[Black "chapichapo"]
[Result "1-0"]
[WhiteElo "2181"]
[BlackElo "1814"]

1. b3 e5 2. Bb2 Bc5 3. Bxe5 Nf6 4. Bb2 O-O 5. e3 Re8 6. Qf3 Re6 7. d4 Bb6 8. d5
Re4 9. Bd3 Ba5+ 10. Nd2 Bxd2+ 11. Kxd2 Rh4 12. Bxf6 Qxf6 13. Qxf6 1-0

[Event "AUTO-OPEN-2802"]
[Site "http://www.queenalice.com/game.php?id=1185292"]
[Date "2013.5.27"]
[Round "2"]
[White "chapichapo"]
[Black "PROFILER"]
[Result "0-1"]
[WhiteElo "1812"]
[BlackElo "2182"]

1. e4 e5 2. Nf3 Nc6 3. Bc4 Bc5 4. d3 Nf6 5. Ng5 O-O 6. Nc3 d6 7. Nd5 h6 8. Nxf6+
Qxf6 9. O-O hxg5 10. c3 Be6 11. Bb3 Bxb3 12. axb3 g6 13. b4 Bb6 0-1

[Event "AUTO-OPEN-2802"]
[Site "http://www.queenalice.com/game.php?id=1185298"]
[Date "2013.5.27"]
[Round "2"]
[White "chapichapo"]
[Black "elcurazul"]
[Result "0-1"]
[WhiteElo "1810"]
[BlackElo "2282"]

1. e4 e5 2. Bc4 Nf6 3. d3 d5 4. Bb3 dxe4 5. Bxf7+ Kxf7 6. dxe4 Qxd1+ 7. Kxd1
Nxe4 8. Be3 Nc6 9. Nc3 Nxc3+ 10. bxc3 Bg4+ 11. f3 Rd8+ 0-1